[Event "SLO-chT2 West"]
[Site "Kranj"]
[Date "2005.10.15"]
[Round "3.6"]
[White "Piskar, Rihard"]
[Black "Hauptman, Branko"]
[Result "1/2-1/2"]
[WhiteElo "1709"]
[BlackElo "1739"]
[PlyCount "59"]
[EventDate "2005.10.14"]
[EventType "team"]
[EventRounds "5"]
[EventCountry "SLO"]
[SourceTitle "EXT 2009"]
[Source "ChessBase"]
[SourceDate "2008.11.26"]
[SourceVersion "1"]
[SourceVersionDate "2008.11.26"]
[SourceQuality "1"]

1. Nf3 d5 2. c4 c6 3. g3 Nf6 4. Bg2 g6 5. 0-0 Bg7 6. cxd5 cxd5 7. d4 0-0 8. Nc3 Nc6 9. Bf4 a6 10. Re1 b5 11. a3 Bb7 12. Rc1 Nh5 13. Be3 Na5 14. b3 Qd6 15. Nb1 Rac8 16. Qd3 Nf6 17. Rc5 Ne4 18. Rxc8 Rxc8 19. Bf4 Qb6 20. Rc1 Nc6 21. Be3 e6 22. Ne5 Nxe5 23. Rxc8+ Bxc8 24. dxe5 Qc7 25. f4 Bb7 26. Bd2 Nxd2 27. Qxd2 Bf8 28. b4 Be7 29. e3 h6 30. Qc3 1/2-1/2